[Event "Kitchener Oktoberfest"]
[Site "Kitchener CAN"]
[Date "2009.10.18"]
[Round "4"]
[White "Fiedler, Brian"]
[Black "Humphreys, Michael"]
[Result "1/2-1/2"]
[WhiteElo "2129"]
[BlackElo "2223"]
[PlyCount "53"]
[GameId "2160767910096319"]
[EventDate "2009.10.16"]
[EventType "swiss"]
[EventRounds "5"]
[EventCountry "CAN"]
[SourceTitle "EXT 2011"]
[Source "ChessBase"]
[SourceDate "2011.11.26"]
[SourceVersion "1"]
[SourceVersionDate "2011.11.26"]
[SourceQuality "1"]

1. d4 Nf6 2. c4 g6 3. Nc3 Bg7 4. e4 d6 5. Be2 O-O 6. Bg5 Na6 7. Nf3 h6 8. Bh4 e5 9. d5 g5 10. Bg3 Nh5 11. h4 g4 12. Nd2 Nxg3 13. fxg3 h5 14. O-O f5 15. exf5 Nc5 16. Nde4 Bxf5 17. Bd3 Nxd3 18. Qxd3 Bh6 19. Rad1 Qd7 20. b3 Qh7 21. Qe2 Rf7 22. Rfe1 Raf8 23. Rf1 Qg6 24. Rfe1 a6 25. Rf1 Bd7 26. Rxf7 Rxf7 27. a4 1/2-1/2

[Event "Kitchener Oktoberfest"]
[Site "Kitchener CAN"]
[Date "2009.10.18"]
[Round "4"]
[White "Gladstone, Simon"]
[Black "Klarner, William"]
[Result "1/2-1/2"]
[WhiteElo "1945"]
[BlackElo "2187"]
[PlyCount "53"]
[GameId "2160767910096320"]
[EventDate "2009.10.16"]
[EventType "swiss"]
[EventRounds "5"]
[EventCountry "CAN"]
[SourceTitle "EXT 2011"]
[Source "ChessBase"]
[SourceDate "2011.11.26"]
[SourceVersion "1"]
[SourceVersionDate "2011.11.26"]
[SourceQuality "1"]

1. e4 c5 2. Nf3 d6 3. d4 cxd4 4. Qxd4 Bd7 5. Bg5 Nc6 6. Qd2 h6 7. Bh4 g5 8. Bg3 Bg7 9. Nc3 a6 10. O-O-O Qa5 11. Kb1 Bxc3 12. Qxc3 Qxc3 13. bxc3 Bg4 14. Bc4 Nf6 15. Rhe1 Nd7 16. Bb3 Bxf3 17. gxf3 Rc8 18. Re3 Nce5 19. Kb2 Rc5 20. f4 Ng4 21. Rf3 gxf4 22. Bxf4 Nde5 23. Bxe5 Nxe5 24. Rg3 a5 25. Rd5 Rxd5 26. Bxd5 b6 27. f4 1/2-1/2

[Event "Kitchener Oktoberfest"]
[Site "Kitchener CAN"]
[Date "2009.10.18"]
[Round "4"]
[White "Jung, Hans"]
[Black "Plotkin, Victor"]
[Result "1-0"]
[WhiteElo "2225"]
[BlackElo "2337"]
[PlyCount "119"]
[GameId "2160767910096321"]
[EventDate "2009.10.16"]
[EventType "swiss"]
[EventRounds "5"]
[EventCountry "CAN"]
[SourceTitle "EXT 2011"]
[Source "ChessBase"]
[SourceDate "2011.11.26"]
[SourceVersion "1"]
[SourceVersionDate "2011.11.26"]
[SourceQuality "1"]

1. Nc3 e5 2. Nf3 Nc6 3. d4 exd4 4. Nxd4 Nf6 5. Bg5 h6 6. Bxf6 Qxf6 7. Ndb5 Qd8 8. Nd5 Bb4+ 9. Nxb4 Nxb4 10. Qd2 Nc6 11. Qe3+ Kf8 12. g3 a6 13. Nc3 d6 14. Bg2 Be6 15. O-O Qg5 16. f4 Qa5 17. a3 Re8 18. Qf2 Kg8 19. b4 Qf5 20. e4 Qf6 21. Nd5 Bxd5 22. exd5 Nd4 23. Rfe1 Kh7 24. c3 Nf5 25. Be4 g6 26. Qc2 Ng7 27. Rac1 Re7 28. Kf2 Rhe8 29. Bd3 Kg8 30. Rxe7 Rxe7 31. Re1 Rxe1 32. Kxe1 g5 33. fxg5 hxg5 34. Kd2 Qe5 35. Qb3 Ne8 36. Qc4 Kg7 37. Qe4 Qxe4 38. Bxe4 Kf6 39. Kd3 Ke5 40. c4 f5 41. Bg2 Nf6 42. a4 Nh5 43. a5 f4 44. g4 Nf6 45. h3 Nd7 46. Be4 Kf6 47. Kd4 Ne5 48. c5 dxc5+ 49. bxc5 c6 50. dxc6 Nxc6+ 51. Bxc6 bxc6 52. Ke4 f3 53. Kxf3 Ke5 54. Kg3 Kd5 55. h4 gxh4+ 56. Kxh4 Kxc5 57. g5 Kd6 58. Kh5 Ke7 59. Kh6 c5 60. g6 1-0

[Event "Kitchener Oktoberfest"]
[Site "Kitchener CAN"]
[Date "2009.10.18"]
[Round "5"]
[White "Gashgarian, Robert"]
[Black "Drkulec, Vladimir"]
[Result "0-1"]
[WhiteElo "1947"]
[BlackElo "2048"]
[PlyCount "68"]
[GameId "2160767910096322"]
[EventDate "2009.10.16"]
[EventType "swiss"]
[EventRounds "5"]
[EventCountry "CAN"]
[SourceTitle "EXT 2011"]
[Source "ChessBase"]
[SourceDate "2011.11.26"]
[SourceVersion "1"]
[SourceVersionDate "2011.11.26"]
[SourceQuality "1"]

1. d4 Nf6 2. c4 g6 3. Nc3 d5 4. Bg5 Ne4 5. Bf4 Nxc3 6. bxc3 c6 7. e3 Qa5 8. Qb3 Bg7 9. cxd5 cxd5 10. Nf3 O-O 11. Bd3 Nc6 12. O-O Bf5 13. Bxf5 gxf5 14. Qxb7 Rac8 15. Rfc1 e6 16. Qb3 Qa6 17. Nd2 Qd3 18. Nf3 f6 19. Bd6 Rfd8 20. Bc5 Bh6 21. c4 Qe4 22. cxd5 exd5 23. Nd2 Qe8 24. Qd3 Qh5 25. f3 Re8 26. Re1 Re6 27. Nf1 Rce8 28. Qb3 f4 29. e4 Kh8 30. Rec1 dxe4 31. d5 Na5 32. Qa4 Qxd5 33. fxe4 Rxe4 34. Qxa5 Re2 0-1

[Event "Kitchener Oktoberfest"]
[Site "Kitchener CAN"]
[Date "2009.10.18"]
[Round "5"]
[White "Plotkin, Victor"]
[Black "Humphreys, Michael"]
[Result "1-0"]
[WhiteElo "2337"]
[BlackElo "2223"]
[PlyCount "65"]
[GameId "2160767910096323"]
[EventDate "2009.10.16"]
[EventType "swiss"]
[EventRounds "5"]
[EventCountry "CAN"]
[SourceTitle "EXT 2011"]
[Source "ChessBase"]
[SourceDate "2011.11.26"]
[SourceVersion "1"]
[SourceVersionDate "2011.11.26"]
[SourceQuality "1"]

1. e4 c6 2. d4 d5 3. Nc3 dxe4 4. Nxe4 Nd7 5. Nf3 Ngf6 6. Ng3 g6 7. Bc4 Nb6 8. Bb3 Bg7 9. Ne5 Nbd5 10. h4 h5 11. Qd3 Be6 12. O-O Qc8 13. c4 Nc7 14. Re1 Bf5 15. Qe2 e6 16. Nxf5 gxf5 17. Bc2 Nd7 18. Nf3 O-O 19. Bg5 b5 20. b3 c5 21. Rad1 bxc4 22. bxc4 Re8 23. Ba4 Na6 24. Ne5 Nb6 25. Bxe8 Qxe8 26. Bf4 cxd4 27. Qxh5 Nb4 28. Qe2 Qa4 29. Nxf7 Nc2 30. Qxe6 Nxe1 31. Ng5+ Kh8 32. Rxe1 Qa5 33. Re5 1-0

[Event "Kitchener Oktoberfest U2000"]
[Site "Kitchener CAN"]
[Date "2009.10.16"]
[Round "1"]
[White "Chernik, Dmitry"]
[Black "Liu, Steven2"]
[Result "0-1"]
[WhiteElo "1833"]
[BlackElo "1860"]
[PlyCount "33"]
[GameId "2160767910096325"]
[EventDate "2009.10.16"]
[EventType "swiss"]
[EventRounds "5"]
[EventCountry "CAN"]
[SourceTitle "EXT 2011"]
[Source "ChessBase"]
[SourceDate "2011.11.26"]
[SourceVersion "1"]
[SourceVersionDate "2011.11.26"]
[SourceQuality "1"]

1. e4 e6 2. Qe2 d5 3. exd5 Qxd5 4. Nc3 Qd8 5. g3 Bd7 6. Bg2 Bc6 7. Nf3 Nf6 8. O-O Be7 9. d3 Nbd7 10. Bd2 Nb6 11. Ne4 O-O 12. Rad1 Bd5 13. c4 Nxe4 14. cxd5 Nxd2 15. Nxd2 Nxd5 16. Ne4 c6 17. Kh1 0-1

[Event "Kitchener Oktoberfest U2000"]
[Site "Kitchener CAN"]
[Date "2009.10.16"]
[Round "1"]
[White "Leblanc, Paul"]
[Black "Hendon, Lee"]
[Result "1-0"]
[WhiteElo "1859"]
[BlackElo "1702"]
[PlyCount "75"]
[GameId "2160767910096326"]
[EventDate "2009.10.16"]
[EventType "swiss"]
[EventRounds "5"]
[EventCountry "CAN"]
[SourceTitle "EXT 2011"]
[Source "ChessBase"]
[SourceDate "2011.11.26"]
[SourceVersion "1"]
[SourceVersionDate "2011.11.26"]
[SourceQuality "1"]

1. d4 d5 2. g3 Nf6 3. Bg2 c6 4. Nf3 Nbd7 5. c4 e6 6. O-O Be7 7. Nc3 O-O 8. b3 Re8 9. Bb2 Nf8 10. Qc2 Bd6 11. Rad1 Ng6 12. Rfe1 Qc7 13. e4 dxe4 14. Ng5 e5 15. Ncxe4 Nxe4 16. Nxe4 Bb4 17. Re2 f5 18. c5 fxe4 19. Qc4+ Be6 20. Qxb4 Bg4 21. Rde1 Bxe2 22. Rxe2 exd4 23. Bxd4 Rad8 24. Bxe4 Re6 25. Bd5 Rxd5 26. Rxe6 Qd7 27. Rd6 Qf5 28. Rxd5 Qb1+ 29. Kg2 Qe4+ 30. f3 Qe2+ 31. Bf2 cxd5 32. Qxb7 Ne5 33. Qxd5+ Kf8 34. c6 Nd3 35. Qd4 Ne1+ 36. Kh3 Nxf3 37. Qf4+ Kg8 38. Qc4+ 1-0

[Event "Kitchener Oktoberfest U2000"]
[Site "Kitchener CAN"]
[Date "2009.10.16"]
[Round "1"]
[White "Logan, David"]
[Black "Knechtel, Tim"]
[Result "1/2-1/2"]
[WhiteElo "1957"]
[BlackElo "1834"]
[PlyCount "78"]
[GameId "2160767910096327"]
[EventDate "2009.10.16"]
[EventType "swiss"]
[EventRounds "5"]
[EventCountry "CAN"]
[SourceTitle "EXT 2011"]
[Source "ChessBase"]
[SourceDate "2011.11.26"]
[SourceVersion "1"]
[SourceVersionDate "2011.11.26"]
[SourceQuality "1"]

1. e4 d6 2. d4 Nf6 3. Bd3 e5 4. d5 h6 5. c4 Be7 6. Ne2 g5 7. Nbc3 Nbd7 8. Ng3 Nf8 9. Nh5 Ng6 10. Ng7+ Kf8 11. Nf5 Nf4 12. g3 Nxd3+ 13. Qxd3 Nd7 14. h4 Nc5 15. Qf3 Bxf5 16. Qxf5 gxh4 17. gxh4 Bxh4 18. Qh5 Nd3+ 19. Ke2 Nxc1+ 20. Raxc1 Bg5 21. Rcg1 Rg8 22. Nd1 Qf6 23. Ne3 Bxe3 24. fxe3 Rxg1 25. Rxg1 Ke7 26. Rf1 Qg6 27. Qh4+ Qg5 28. Qf2 f6 29. Rg1 Qh5+ 30. Kd2 Kf7 31. Qg2 Ke7 32. Qg7+ Qf7 33. Qxh6 Rg8 34. Rxg8 Qxg8 35. Qh3 Kd8 36. Ke2 Ke7 37. Kf3 Kd8 38. Qg4 Qf7 39. Qh3 Qg8 1/2-1/2

[Event "Kitchener Oktoberfest U2000"]
[Site "Kitchener CAN"]
[Date "2009.10.17"]
[Round "2"]
[White "Dragan, Christian"]
[Black "Logan, David"]
[Result "1-0"]
[WhiteElo "1640"]
[BlackElo "1957"]
[PlyCount "45"]
[GameId "2160767910096328"]
[EventDate "2009.10.16"]
[EventType "swiss"]
[EventRounds "5"]
[EventCountry "CAN"]

1. e4 c5 2. Nc3 e6 3. f4 a6 4. Nf3 Qc7 5. d3 b5 6. g3 Bb7 7. Bg2 Nf6 8. Qe2 d5 9. e5 Nfd7 10. Ng5 h6 11. Nh3 Nc6 12. Nf2 Nb6 13. O-O b4 14. Ncd1 Nd4 15. Qd2 Be7 16. c3 bxc3 17. bxc3 Nf5 18. Ne3 Nxe3 19. Qxe3 c4 20. d4 O-O 21. g4 f5 22. exf6 gxf6 23. Qf3 1-0

[Event "Kitchener Oktoberfest U2000"]
[Site "Kitchener CAN"]
[Date "2009.10.17"]
[Round "2"]
[White "Kitich, Zeljko"]
[Black "Grigorescu, Laurentiu"]
[Result "1-0"]
[WhiteElo "1702"]
[BlackElo "1935"]
[PlyCount "151"]
[GameId "2160767910096329"]
[EventDate "2009.10.16"]
[EventType "swiss"]
[EventRounds "5"]
[EventCountry "CAN"]
[SourceTitle "EXT 2011"]
[Source "ChessBase"]
[SourceDate "2011.11.26"]
[SourceVersion "1"]
[SourceVersionDate "2011.11.26"]
[SourceQuality "1"]

1. d4 Nf6 2. Bg5 e6 3. e4 h6 4. Bxf6 Qxf6 5. g3 d5 6. e5 Qd8 7. Bd3 c5 8. c3 Qb6 9. Qb3 Qxb3 10. axb3 cxd4 11. cxd4 Nc6 12. Ne2 Nb4 13. Bb5+ Bd7 14. Bxd7+ Kxd7 15. Kd2 Be7 16. Nbc3 g5 17. f4 f5 18. Rhc1 Rhc8 19. Ra4 Rc6 20. Nb5 Rxc1 21. Nxc1 a6 22. Nd6 Bxd6 23. exd6 Nc6 24. Nd3 Kxd6 25. Ke3 Rg8 26. Ra1 gxf4+ 27. Nxf4 Rg4 28. Rd1 h5 29. Kf3 h4 30. gxh4 Rxh4 31. h3 Rh7 32. Rd2 Nb4 33. Re2 Rh6 34. Ke3 Nc6 35. Rh2 Rh4 36. Rd2 Ne7 37. Kf3 Rh6 38. Re2 Nc6 39. Ke3 Nxd4 40. Kxd4 e5+ 41. Rxe5 Rh4 42. Rxd5+ Kc6 43. Rxf5 Kd6 44. Rf6+ Ke7 45. Ke5 Rh7 46. Ng6+ Kd8 47. h4 Kc7 48. Rf8 b5 49. Rh8 Rg7 50. Kf6 Rd7 51. h5 Kb6 52. h6 Rd6+ 53. Kf7 Rd7+ 54. Ne7 Rd1 55. h7 Rf1+ 56. Kg7 Rg1+ 57. Ng6 Ka5 58. Re8 Rh1 59. h8=Q Rxh8 60. Rxh8 Kb4 61. Rh3 a5 62. Ne5 a4 63. Rh4+ Ka5 64. b4+ Kb6 65. Rh6+ Kb7 66. Rc6 Ka7 67. Kf7 a3 68. bxa3 Kb7 69. Ke7 Ka8 70. Kd6 Kb8 71. Kc5 Kb7 72. Kxb5 Ka7 73. a4 Kb7 74. a5 Ka7 75. a6 Ka8 76. Rc8+ 1-0

[Event "Kitchener Oktoberfest U2000"]
[Site "Kitchener CAN"]
[Date "2009.10.17"]
[Round "2"]
[White "Knechtel, Tim"]
[Black "Moran-Venegas, Mario"]
[Result "1-0"]
[WhiteElo "1834"]
[BlackElo "1656"]
[PlyCount "73"]
[GameId "2160767910096330"]
[EventDate "2009.10.16"]
[EventType "swiss"]
[EventRounds "5"]
[EventCountry "CAN"]
[SourceTitle "EXT 2011"]
[Source "ChessBase"]
[SourceDate "2011.11.26"]
[SourceVersion "1"]
[SourceVersionDate "2011.11.26"]
[SourceQuality "1"]

1. e4 c5 2. d3 Nc6 3. Nc3 g6 4. g3 Bg7 5. Nge2 Nf6 6. Bg2 O-O 7. O-O d6 8. h3 a6 9. Be3 b5 10. Qd2 b4 11. Nd1 Re8 12. e5 d5 13. exf6 Bxf6 14. Bxc5 a5 15. Nf4 e6 16. Re1 Bb7 17. Rb1 Qc7 18. h4 Ne5 19. Bd4 Nf3+ 20. Bxf3 Bxd4 21. c3 bxc3 22. bxc3 Bc5 23. d4 Bd6 24. Nd3 Ba6 25. Ne5 f6 26. Ng4 Kf7 27. Qh6 Rh8 28. h5 Bxg3 29. Qe3 Rae8 30. fxg3 Qxg3+ 31. Kh1 Qh3+ 32. Nh2 g5 33. Nf2 Qh4 34. Nfg4 h6 35. Nxf6 Kxf6 36. Qe5+ Kf7 37. Bg4 1-0

[Event "Kitchener Oktoberfest U2000"]
[Site "Kitchener CAN"]
[Date "2009.10.17"]
[Round "2"]
[White "Liu, Steven2"]
[Black "Leblanc, Paul"]
[Result "1-0"]
[WhiteElo "1860"]
[BlackElo "1859"]
[PlyCount "71"]
[GameId "2160767910096331"]
[EventDate "2009.10.16"]
[EventType "swiss"]
[EventRounds "5"]
[EventCountry "CAN"]
[SourceTitle "EXT 2011"]
[Source "ChessBase"]
[SourceDate "2011.11.26"]
[SourceVersion "1"]
[SourceVersionDate "2011.11.26"]
[SourceQuality "1"]

1. Nf3 d5 2. c4 c6 3. e3 Nf6 4. Nc3 a6 5. d4 b5 6. c5 Bg4 7. Be2 Nbd7 8. h3 Bh5 9. Bd2 Qc7 10. O-O e5 11. Re1 Be7 12. b4 O-O 13. a4 h6 14. Nh2 Bg6 15. f4 exd4 16. exd4 Ne4 17. Nxe4 Bxe4 18. Ng4 Bf6 19. Ne5 Rfe8 20. Bf3 Bxe5 21. fxe5 f6 22. Bxe4 dxe4 23. Qb3+ Kh7 24. e6 Nf8 25. Rxe4 Qc8 26. axb5 axb5 27. Rae1 Ra7 28. e7 Ng6 29. Qf7 Nh8 30. Qe6 Qxe6 31. Rxe6 Ra6 32. d5 Ra2 33. dxc6 Rxd2 34. Rd6 Ra2 35. Rd8 Ra8 36. Rxa8 1-0

[Event "Kitchener Oktoberfest U2000"]
[Site "Kitchener CAN"]
[Date "2009.10.17"]
[Round "3"]
[White "Grigorescu, Laurentiu"]
[Black "Moran-Venegas, Mario"]
[Result "1-0"]
[WhiteElo "1935"]
[BlackElo "1656"]
[PlyCount "53"]
[GameId "2160767910096332"]
[EventDate "2009.10.16"]
[EventType "swiss"]
[EventRounds "5"]
[EventCountry "CAN"]
[SourceTitle "EXT 2011"]
[Source "ChessBase"]
[SourceDate "2011.11.26"]
[SourceVersion "1"]
[SourceVersionDate "2011.11.26"]
[SourceQuality "1"]

1. d4 Nf6 2. c4 g6 3. Nc3 d5 4. Bg5 Ne4 5. Nf3 Nxg5 6. Nxg5 c6 7. e3 Bg7 8. cxd5 cxd5 9. Qf3 O-O 10. Qxd5 Nd7 11. h4 e6 12. Qf3 Nf6 13. Bd3 a6 14. O-O-O Nd5 15. Nxd5 exd5 16. Qg3 h5 17. Kb1 Qb6 18. Rc1 Be6 19. Rc7 Rac8 20. Rhc1 Rxc7 21. Rxc7 Bc8 22. Nxf7 Bg4 23. Ng5 Rxf2 24. Rxg7+ Kxg7 25. Qxf2 Qc7 26. Qf4 Qd7 27. Qe5+ 1-0

[Event "Kitchener Oktoberfest U2000"]
[Site "Kitchener CAN"]
[Date "2009.10.17"]
[Round "3"]
[White "Hendon, Lee"]
[Black "Logan, David"]
[Result "1/2-1/2"]
[WhiteElo "1702"]
[BlackElo "1957"]
[PlyCount "65"]
[GameId "2160767910096333"]
[EventDate "2009.10.16"]
[EventType "swiss"]
[EventRounds "5"]
[EventCountry "CAN"]
[SourceTitle "EXT 2011"]
[Source "ChessBase"]
[SourceDate "2011.11.26"]
[SourceVersion "1"]
[SourceVersionDate "2011.11.26"]
[SourceQuality "1"]

1. d4 d5 2. c4 e6 3. Nc3 dxc4 4. e3 a6 5. a4 c5 6. Nf3 Nc6 7. dxc5 Qxd1+ 8. Kxd1 Bxc5 9. Bxc4 Nf6 10. b3 b6 11. Bd2 Bb7 12. Ke2 Rd8 13. Rhd1 O-O 14. Be1 Rxd1 15. Rxd1 Rd8 16. Rxd8+ Nxd8 17. g3 Nc6 18. Na2 Nd7 19. b4 Bd6 20. b5 axb5 21. Bxb5 Nde5 22. Nxe5 Nxe5 23. Nc1 Nf3 24. h4 f6 25. Bc3 Ne5 26. Nd3 Nxd3 27. Kxd3 Kf7 28. Bd4 Bc7 29. Bc3 h6 30. Kd2 g5 31. hxg5 hxg5 32. Bc4 Bc6 33. Bb3 1/2-1/2

[Event "Kitchener Oktoberfest U2000"]
[Site "Kitchener CAN"]
[Date "2009.10.17"]
[Round "3"]
[White "Knechtel, Tim"]
[Black "Kitich, Zeljko"]
[Result "1-0"]
[WhiteElo "1834"]
[BlackElo "1702"]
[PlyCount "93"]
[GameId "2160767910096334"]
[EventDate "2009.10.16"]
[EventType "swiss"]
[EventRounds "5"]
[EventCountry "CAN"]
[SourceTitle "EXT 2011"]
[Source "ChessBase"]
[SourceDate "2011.11.26"]
[SourceVersion "1"]
[SourceVersionDate "2011.11.26"]
[SourceQuality "1"]

1. e4 e6 2. d3 d5 3. Nd2 Nf6 4. Be2 c5 5. c3 Nc6 6. Qc2 Bd7 7. h3 Be7 8. g4 O-O 9. Ngf3 Ne8 10. h4 f5 11. gxf5 dxe4 12. dxe4 exf5 13. Bc4+ Kh8 14. e5 Qc7 15. e6 Bc8 16. O-O Qf4 17. Bd5 Rf6 18. Nc4 Qg4+ 19. Kh1 Qh3+ 20. Nh2 Bxe6 21. Bxe6 Rxe6 22. f4 Qxh4 23. Ne3 g6 24. Qb3 Nd8 25. Ng2 Qf6 26. Be3 b6 27. Qd5 Nc6 28. Qd7 Rd8 29. Qb7 Red6 30. Bf2 Qf8 31. Nf3 Qh6+ 32. Kg1 Qg7 33. Rfe1 R8d7 34. Qa6 Nf6 35. Ne5 Nb8 36. Qc4 Rd5 37. Nxd7 Rxd7 38. Re6 Ne4 39. Bh4 h6 40. Bxe7 Rxe7 41. Qd5 Rxe6 42. Qxe6 Nd7 43. Rd1 Nef6 44. Rd6 g5 45. Qxf5 gxf4 46. Qxf4 Nh5 47. Rxh6+ 1-0

[Event "Kitchener Oktoberfest U2000"]
[Site "Kitchener CAN"]
[Date "2009.10.17"]
[Round "3"]
[White "Leblanc, Paul"]
[Black "Gillanders, Robert"]
[Result "1-0"]
[WhiteElo "1859"]
[BlackElo "1925"]
[PlyCount "101"]
[GameId "2160767910096335"]
[EventDate "2009.10.16"]
[EventType "swiss"]
[EventRounds "5"]
[EventCountry "CAN"]
[SourceTitle "EXT 2011"]
[Source "ChessBase"]
[SourceDate "2011.11.26"]
[SourceVersion "1"]
[SourceVersionDate "2011.11.26"]
[SourceQuality "1"]

1. d4 Nf6 2. Bg5 c5 3. Bxf6 gxf6 4. d5 Qb6 5. Qc1 f5 6. e3 Bg7 7. c3 d6 8. Bd3 Nd7 9. Bxf5 Ne5 10. Bc2 O-O 11. Nd2 e6 12. dxe6 fxe6 13. Ngf3 d5 14. O-O Ng6 15. Bxg6 hxg6 16. Qc2 e5 17. Qb3 Qxb3 18. axb3 Bf6 19. e4 Be6 20. exd5 Bxd5 21. Rfe1 Rfe8 22. Ne4 Bxe4 23. Rxe4 a5 24. Rae1 Rad8 25. h3 Rd5 26. R1e3 Rd1+ 27. Kh2 Bd8 28. g3 Bc7 29. Kg2 Kg7 30. Nxe5 b6 31. Nf3 Rxe4 32. Rxe4 Kf6 33. h4 Bd8 34. g4 Rd5 35. Re2 Bc7 36. Ng5 Re5 37. Rxe5 Kxe5 38. f4+ Kf6 39. Kf3 Bb8 40. Ke4 b5 41. Nf3 c4 42. bxc4 bxc4 43. Ne5 Ba7 44. Nxc4 a4 45. Ne3 Ke6 46. h5 gxh5 47. gxh5 Bc5 48. Ng4 a3 49. bxa3 Bxa3 50. f5+ Kf7 51. Kd5 1-0

[Event "Kitchener Oktoberfest U2000"]
[Site "Kitchener CAN"]
[Date "2009.10.17"]
[Round "3"]
[White "Liu, Steven2"]
[Black "Dragan, Cristian"]
[Result "1/2-1/2"]
[WhiteElo "1860"]
[BlackElo "1640"]
[PlyCount "54"]
[GameId "2160767910096336"]
[EventDate "2009.10.16"]
[EventType "swiss"]
[EventRounds "5"]
[EventCountry "CAN"]
[SourceTitle "EXT 2011"]
[Source "ChessBase"]
[SourceDate "2011.11.26"]
[SourceVersion "1"]
[SourceVersionDate "2011.11.26"]
[SourceQuality "1"]

1. Nf3 d5 2. c4 e6 3. e3 c5 4. Nc3 Nf6 5. cxd5 exd5 6. d4 Nc6 7. Be2 Be6 8. O-O h6 9. b3 Be7 10. Bb2 O-O 11. dxc5 Bxc5 12. Nb5 a6 13. Nbd4 Nxd4 14. Nxd4 Qd7 15. Rc1 Rac8 16. Bf3 Rfd8 17. Qe2 Bxd4 18. Bxd4 Ne4 19. Qb2 f6 20. Rfd1 Ng5 21. Be2 Rxc1 22. Rxc1 Rc8 23. Bd3 Rxc1+ 24. Qxc1 Ne4 25. f3 Nd6 26. Kf2 Nf5 27. Bb6 Ne7 1/2-1/2

[Event "Kitchener Oktoberfest U2000"]
[Site "Kitchener CAN"]
[Date "2009.10.18"]
[Round "4"]
[White "Dragan, Cristian"]
[Black "Knechtel, Tim"]
[Result "1/2-1/2"]
[WhiteElo "1640"]
[BlackElo "1834"]
[PlyCount "42"]
[GameId "2160767910096337"]
[EventDate "2009.10.16"]
[EventType "swiss"]
[EventRounds "5"]
[EventCountry "CAN"]
[SourceTitle "EXT 2011"]
[Source "ChessBase"]
[SourceDate "2011.11.26"]
[SourceVersion "1"]
[SourceVersionDate "2011.11.26"]
[SourceQuality "1"]

1. e4 d6 2. d4 Nf6 3. Nc3 Nbd7 4. Nf3 e5 5. dxe5 dxe5 6. a3 h6 7. Bc4 Be7 8. h3 c6 9. Be3 Qc7 10. Nd2 Nf8 11. Qf3 g5 12. h4 g4 13. Qe2 Ng6 14. g3 Nh5 15. Bd3 Kf8 16. Nb3 Kg7 17. Kd2 Rd8 18. Rag1 Be6 19. Nc5 Bxc5 20. Bxc5 b6 21. Be3 Kh7 1/2-1/2

[Event "Kitchener Oktoberfest U2000"]
[Site "Kitchener CAN"]
[Date "2009.10.18"]
[Round "4"]
[White "Grigorescu, Laurentiu"]
[Black "Leblanc, Paul"]
[Result "1-0"]
[WhiteElo "1935"]
[BlackElo "1859"]
[PlyCount "143"]
[GameId "2160767910096338"]
[EventDate "2009.10.16"]
[EventType "swiss"]
[EventRounds "5"]
[EventCountry "CAN"]
[SourceTitle "EXT 2011"]
[Source "ChessBase"]
[SourceDate "2011.11.26"]
[SourceVersion "1"]
[SourceVersionDate "2011.11.26"]
[SourceQuality "1"]

1. d4 d5 2. c4 c6 3. Nf3 Nf6 4. Qb3 e6 5. Bf4 Bd6 6. Bxd6 Qxd6 7. e3 Nbd7 8. Nc3 O-O 9. O-O-O a6 10. cxd5 cxd5 11. Bd3 b5 12. Kb1 Bb7 13. h3 b4 14. Ne2 a5 15. Rc1 a4 16. Qd1 a3 17. b3 Rfc8 18. Nd2 Rxc1+ 19. Qxc1 Rc8 20. Qd1 Ba6 21. Bxa6 Qxa6 22. Ka1 Qd3 23. Nb1 Qb5 24. f3 h6 25. Qd2 Nb8 26. Rc1 Rxc1 27. Nxc1 Nc6 28. Qd3 Qb6 29. Ne2 Nd7 30. Nd2 Kh8 31. Kb1 Kg8 32. Kc2 Kf8 33. Kd1 Kg8 34. Ke1 Kf8 35. Kf1 Kg8 36. g4 Nf6 37. Kg2 Ne7 38. Qc2 Nd7 39. Nf1 Ng6 40. Qc8+ Ngf8 41. Nfg3 Qb5 42. Qc2 Ng6 43. Nh5 Qb8 44. Neg3 Nh4+ 45. Kf2 Ng6 46. Qc6 Ngf8 47. Nf4 Nf6 48. Nd3 N6d7 49. h4 Qd8 50. h5 Qb8 51. Kg2 Kh7 52. Ne2 Kg8 53. Nef4 Kh8 54. Ne1 Kg8 55. Nfd3 e5 56. Qxd5 exd4 57. Qxd4 Qb5 58. Qxb4 Qg5 59. Qd4 f5 60. Qd5+ Kh8 61. Nc2 Qf6 62. Qxf5 Qc3 63. Nxa3 Qd2+ 64. Nf2 Qxa2 65. Nc4 Qxb3 66. Ne5 Nf6 67. e4 Ne6 68. Ng6+ Kg8 69. e5 Nh7 70. Qd3 Qa2 71. Qb5 Nhg5 72. Qe8+ 1-0

[Event "Kitchener Oktoberfest U2000"]
[Site "Kitchener CAN"]
[Date "2009.10.18"]
[Round "4"]
[White "Kitich, Zeljko"]
[Black "Hendon, Lee"]
[Result "1-0"]
[WhiteElo "1702"]
[BlackElo "1702"]
[PlyCount "87"]
[GameId "2160767910096339"]
[EventDate "2009.10.16"]
[EventType "swiss"]
[EventRounds "5"]
[EventCountry "CAN"]
[SourceTitle "EXT 2011"]
[Source "ChessBase"]
[SourceDate "2011.11.26"]
[SourceVersion "1"]
[SourceVersionDate "2011.11.26"]
[SourceQuality "1"]

1. d4 d5 2. c4 e6 3. Nc3 Nf6 4. Bg5 Nbd7 5. cxd5 exd5 6. Nxd5 Nxd5 7. Bxd8 Bb4+ 8. Qd2 Bxd2+ 9. Kxd2 Kxd8 10. e4 N5f6 11. f3 Nb6 12. b3 Ke7 13. Rc1 c6 14. g4 h6 15. a4 a5 16. Bd3 Rd8 17. Ne2 Be6 18. Rc3 Rac8 19. h4 Ne8 20. g5 h5 21. Ke3 Nc7 22. Nf4 g6 23. Rhc1 Na6 24. Bxa6 bxa6 25. Nxe6 fxe6 26. Rxc6 Rxc6 27. Rxc6 Rd6 28. Rc7+ Nd7 29. e5 Rb6 30. Rc3 Kd8 31. f4 Nb8 32. Rd3 Ke7 33. Ke4 Nc6 34. Rc3 Kd7 35. d5 Rb4+ 36. Rc4 exd5+ 37. Kxd5 Ne7+ 38. Kc5 Rxc4+ 39. bxc4 Kc7 40. e6 Nf5 41. Kd5 Nxh4 42. Ke5 Nf3+ 43. Kf6 h4 44. e7 1-0

[Event "Kitchener Oktoberfest U2000"]
[Site "Kitchener CAN"]
[Date "2009.10.18"]
[Round "4"]
[White "Moran-Venegas, Mario"]
[Black "Chernik, Dmitry"]
[Result "0-1"]
[WhiteElo "1656"]
[BlackElo "1833"]
[PlyCount "48"]
[GameId "2160767910096340"]
[EventDate "2009.10.16"]
[EventType "swiss"]
[EventRounds "5"]
[EventCountry "CAN"]
[SourceTitle "EXT 2011"]
[Source "ChessBase"]
[SourceDate "2011.11.26"]
[SourceVersion "1"]
[SourceVersionDate "2011.11.26"]
[SourceQuality "1"]

1. e4 c5 2. Nf3 Nc6 3. d4 cxd4 4. Nxd4 Nf6 5. Nc3 d6 6. Be2 g6 7. O-O Bg7 8. Be3 O-O 9. Qd2 Bd7 10. Nb3 Rc8 11. Bh6 Ne5 12. Kh1 Nc4 13. Bxc4 Rxc4 14. Bxg7 Kxg7 15. Rfd1 Nxe4 16. Nxe4 Rxe4 17. Nc5 Rc4 18. Nxd7 Qxd7 19. b3 Rc6 20. c4 a6 21. Qd4+ Kg8 22. Rd3 b5 23. c5 Qf5 24. cxd6 Rxd6 0-1